| 000 | 01083cam a2200301 i 4500 | ||
|---|---|---|---|
| 001 | 65121 | ||
| 003 | Mx-PuUPA | ||
| 005 | 20211109111321.0 | ||
| 008 | 080805s2019 mx gr o000 0 spa d | ||
| 020 | _a9786077084518 | ||
| 040 |
_aMx-PuUPA _dMx-PuUPA _cMx-PuUPA _bspa _erda |
||
| 041 | 0 | _aspa | |
| 100 | 1 |
_aCastillo González, Leonel, _eautor _911186 |
|
| 245 | 1 | 3 |
_aLa prudencia : _bcualidad esencial para el buen juez / _cLeonel Castillo González |
| 250 | _a1a. edición | ||
| 264 | 1 |
_aCiudad de México : _bTribunal del Poder Judicial de la Federación, _c2019 |
|
| 300 |
_a57 páginas ; _c18 cm |
||
| 336 |
_2rdacontent _atexto _btxt |
||
| 337 |
_2rdamedia _asin medio _bn |
||
| 338 |
_2rdacarrier _avolumen _bnc |
||
| 650 | 4 |
_aAbogados _xÉtica profesional |
|
| 650 | 4 |
_aDerecho _xÉtica profesional |
|
| 650 | 4 |
_aAbogacía _xPrudencia _xAnálisis |
|
| 942 |
_2ddc _h340.112 _iC334 _cLI |
||
| 999 |
_c65121 _d65121 |
||